00304nam a2200133Ia 4500003000900000008004100009040001300050040001300063100002100076245003900097260002000136300000800156490000600164IT-RoPAU120407s9999 xx 000 0 und d aIT-RoPAU cIT-RoPAU aArmando Guidetti aCristo è Dio? Ma chi l'ha detto? aNuova Accademia c cm v1